Métodos de la matemática aplicada

Zapisane w:
Opis bibliograficzny
1. autor: Hildebrand, Francis B (Autor)
Format: Książka
Język:hiszpański
Wydane: Buenos Aires EUDEBA 1973
Seria:Manuales de Eudeba
Hasła przedmiotowe:
Etykiety: Dodaj etykietę
Nie ma etykietki, Dołącz pierwszą etykiete!

MARC

LEADER 00000nam a2200000 a 4500
001 UCQ8709
003 CL-VaPUC
008 981217e19730000AG |||||||||||||||||spa|d
082 0 4 |a 519  |b HIL  |2 21 
100 |a Hildebrand, Francis B  |e author  |9 422834 
245 1 0 |a Métodos de la matemática aplicada 
300 |a 465 p 
942 |c BK 
945 |d 19981217 00:00:00  |a cmena 
260 |a Buenos Aires  |b EUDEBA  |c 1973 
650 0 |a Matemática aplicada   |9 260236 
650 0 |a Matrices   |9 22 
650 0 |a Ecuaciones lineales   |9 342219 
650 0 |a Ecuaciones integrales   |9 270067 
650 0 |a Álgebra lineal   |9 260445 
650 0 |a Teoría de números  |9 265327 
583 |a last modification  |c 19981217 00:00:00  |k Rodrigo Vera 
490 0 |a Manuales de Eudeba 
999 |c 277893  |d 277891 
952 |0 0  |1 0  |4 0  |6 519_000000000000000_HIL_1973  |7 0  |8 A  |9 316157  |a BIBCUR  |b BIBCUR  |d 2019-11-20  |i 2075822  |o 519 HIL 1973  |p 2075822  |r 2025-04-22  |w 2019-11-20  |y BK  |k FIS